| 000 | 00527nam a22001697a 4500 | ||
|---|---|---|---|
| 003 | MACL | ||
| 005 | 20160406125142.0 | ||
| 008 | 160406b xxu||||| |||| 00| 0 eng d | ||
| 040 | _cMACL | ||
| 041 | _aHindi | ||
| 082 | _a340 | ||
| 100 |
_aशर्मा प्रो. रविन्द्र _950758 |
||
| 245 | _aभारत में कानून और व्यवस्था | ||
| 260 |
_aजयपुर _bपंचशील प्रकाशन _c2005 |
||
| 650 |
_aLaw _950759 |
||
| 942 |
_2ddc _cHIN |
||
| 999 |
_c53725 _d53725 |
||